000 00677nam a2200217 i 4500
001 99671
003 ES-MaACL
005 20230906182533.0
007 t|
008 050914s1975 sp ||||1| spa d
020 _a84-7140-115-0
100 1 _aMartínez Bande, José Manuel.
_977883
245 1 3 _aLa llegada al mar /
_cJosé Manuel Martínez Bande.
260 _aMadrid :
_bSan Martín,
_c1975.
300 _a323 p., 10 h. de map. pleg.
490 1 _aMonografías de la Guerra de España ;
_v11
504 _aBibliografía: p. 322-323.
830 0 _aMonografías de la Guerra de España ;
_v11
_9184535
852 _aES-MaACL
_jL-10626
_bR.112630
999 _c99671
_d99671